00430nam a2200133Ia 4500003000500000008004100005040001900046082000700065100002900072245012800101260004600229300000900275546001200284STCL181203s9999 xx 000 0 und d aSTCLbENcSTCL 222 aSingh, N.P.; Singh, D.K. 0aFloristic Diversity and Conservation Strategies in India: Volume 4: Angiosperms (Selected Groups), Economic and Ethnobotany bBotanical Survey of IndiaaCalcuttac2001 a2340 aEnglish